লোডিং...

Engineering physics

গ্রন্থ-পঞ্জীর বিবরন
প্রধান লেখক: Kakani, S. L.
অন্যান্য লেখক: Kakani, Shubhra
বিন্যাস: Printed Book
ভাষা:English
প্রকাশিত: New Delhi. CBS Publishers & Distributors 2008
সংস্করন:2nd ed.
বিষয়গুলি:
LEADER 00621nam a22001937a 4500
005 20200810155211.0
008 110211t xxu||||| |||| 00| 0 eng d
082 |a 530.22  |b KAK 
100 |a Kakani, S. L.  |9 1073 
245 |a Engineering physics 
250 |a 2nd ed. 
300 |a xxix, 1114p. 
653 |a Engineering physics 
700 |a Kakani, Shubhra  |9 8603 
942 |c BK  |6 _ 
260 |a New Delhi.  |b CBS Publishers & Distributors  |c 2008 
020 |a 9788123915227 
999 |c 214969  |d 214969 
952 |0 0  |1 0  |2 ddc  |4 0  |6 53022_KAK  |7 0  |9 278658  |a PHY  |b PHY  |d 2011-02-11  |l 2  |o 530.22 KAK  |p PHY013498  |r 2014-11-21  |s 2014-10-14  |w 2011-02-11  |y BK